Einkommensteuergesetze EStG - Statistiken

Allgemein
  • Dieses Quiz wurde 9 mal gespielt
  • Das Durchschnittsergebnis liegt bei 3 aus 5
Antwortstatistiken
Hint Antwort % Korrekt
§1 Steuerpflicht
86%
§3 Steuerfreie Einnahmen
71%
§2 Umfang der Besteuerung
43%
§2a Negative Einkünfte mit Bezug zu Drittstaaten
29%
§3a Sanierungserträge
29%
Keine übereinstimmenden Quizze gefunden
Verteilung der Resultate
Anzahl Personen mit jedem Resultat
Perzentil nach korrekt beantworteten Fragen
Ihre Resultats-Entwicklung
Sie haben dieses Quiz noch nicht gespielt